logo

Bir Sreshtho Munshi Abdur Rouf Library
Jhenaidah Cadet College

Introductory linear algebra with applications / (Record no. 4918)

MARC details
000 -LEADER
fixed length control field 00773cam a2200265 a 4500
001 - CONTROL NUMBER
JCCL Control Number 4918
003 - CONTROL NUMBER IDENTIFIER
JCCL marc code BD-JhCC
005 - DATE AND TIME OF LATEST TRANSACTION
control field 20171205170251.0
008 - FIXED-LENGTH DATA ELEMENTS--GENERAL INFORMATION
fixed length control field 840130s1984 maua 001 0 eng
020 ## - INTERNATIONAL STANDARD BOOK NUMBER
International Standard Book Number 0871507005
035 ## - SYSTEM CONTROL NUMBER
system control number (BD-JhCC)
040 ## - CATALOGING SOURCE
Original cataloging agency DLC
Transcribing agency DLC
Modifying agency DLC
041 ## - LANGUAGE CODE
Language code of Book eng
050 00 - LIBRARY OF CONGRESS CALL NUMBER
Classification number QA184
Item number .B76 1984
082 00 - DEWEY DECIMAL CLASSIFICATION NUMBER
Classification number 512/.5
DDC Edition number 19
Author mark and Year BRO 1984
100 1# - MAIN ENTRY--PERSONAL NAME
Personal name Brown, John W.
Fuller form of name (John Wesley),
Dates associated with a name 1933-
245 10 - TITLE STATEMENT
Title Introductory linear algebra with applications /
Statement of responsibility, etc John W. Brown, Donald R. Sherbert.
260 ## - PUBLICATION, DISTRIBUTION, ETC. (IMPRINT)
Place of publication, distribution, etc Boston, Mass. :
Name of publisher, distributor, etc Prindle, Weber & Schmidt,
Date of publication, distribution, etc c1984.
300 ## - PHYSICAL DESCRIPTION
Pagination xi, 387, 49 p. :
Other physical details ill. ;
Dimensions 25 cm.
500 ## - GENERAL NOTE
General note Includes index.
650 #0 - SUBJECT ADDED ENTRY--TOPICAL TERM
Topical term or geographic name as entry element Algebras, Linear.
700 1# - ADDED ENTRY--PERSONAL NAME
Personal name Sherbert, Donald R.,
Dates associated with a name 1935-
942 ## - ADDED ENTRY ELEMENTS (KOHA)
Source of classification or shelving scheme Dewey Decimal Classification
Koha item type Books
Holdings
Source of classification or shelving scheme Damaged status Not for loan Home library Current library Shelving location Total Checkouts Full call number Barcode Date last seen Copy number Koha item type
Dewey Decimal Classification     JCC Rouf Library JCC Rouf Library General Stacks   512/.5 BRO 1984 6880 12/05/2017 C-1 Books

JCC Library | Contacts | JCC Home

Last Update on 23 September 2017
Copyright @ 2017-2020 JCC Rouf Library
Rouf Library, Jhenidah Cadet College (JCC), Bangladesh